000 00525nam a2200181Ia 4500
003 LDD
008 190117s9999 xx 000 0 und d
020 _c₹20
040 _cLDD
041 _ahi
082 _a8H3.7 य 6925 ध-5
100 _aयशपाल
245 0 _aधर्म युद्ध
_bघटना रंजित कहानियाँ
_cयशपाल
250 _a5 सं.
260 _aइलाहाबाद
_bलोकभारती
_c1983
300 _a153प्र.
942 _2ddc
_cH
999 _c167573
_d167573